BIBLIOTHÈQUE DE LA MAISON DU MEXIQUE

Logo 1 Logo 2

Comedias (notice nᵒ 11716)

détails MARC
000 -Sello discográfico
campo de control de longitud fija 01054nam a2200349 4500
005 - Identificación de versión
campo de control 20250925141609.0
035 ## - Otros números de control del sistema
Número de control del sistema 4043
099 ## - fechas locales
Tipo de ítem Koha LIBRO
100 ## - Datos de procesamiento general
Datos de procesamiento general 20040923d1947 m y1spay5003 ba
105 ## - Campo de datos codificados: Material textual, monográfico
Datos codificados de monografía y 001ay
200 1# - Título y mención de responsabilidad
Título propio Comedias
Designación general del material texto impreso
Otra información del título El amor médico y Averígüelo Vargas
Primer mención de responsabilidad Tirso de Molina
Declaración de responsabilidad subsiguiente prólogo y notas Alonso Zamora Vicente y María Josefa Canellada de Zamora
Otra información del título II
210 ## - Publicación, distribución, etc.
Lugar de publicación, distribución, etc. Madrid
Nombre del editor, distribuidor, etc. Espasa - Calpe
Fecha de publicación, distribución, etc. 1947
215 ## - Descripción física
Designación de material específico y extensión del ítem 256 p
Dimensiones 19 cm
318 ## - Nota de acción
Acción No se presta a domicilio
345 ## - Nota de información de adquisición
Fuente de adquisición/dirección de la suscripción [OBSOLETO] Donación
410 #1 - Series
Título Clásicos Castellanos
Número de volumen 131
676 ## - Clasificación Decimal Dewey
Número R860 C614 v.131
700 ## - Nombre personal - Responsabilidad primaria
Elemento de entrada Molina
Parte del nombre distinta del elemento de entrada Tirso de
Fechas 1571?-1648
Número Koha 18380
702 ## - Nombre personal - Responsabilidad secundaria
Elemento de entrada Canellada de Zamora
Parte del nombre distinta del elemento de entrada María Josefa
Número Koha 18381
702 ## - Nombre personal - Responsabilidad secundaria
Elemento de entrada Zamora Vicente
Parte del nombre distinta del elemento de entrada Alonso
Fechas 1916-
Número Koha 18382
801 #0 - Fuente de origen
Agencia cm
900 ## -
-- 1/8044
900 ## -
-- 7100419810\230904
942 ## - ELEMENTOS DE ENTRADA SECUNDARIOS (KOHA)
Tipo de ítem Koha Livre

Pas d'exemplaire disponible.